The First prayer-book of Edward VI. (Record no. 125587)
[ view plain ]
| 000 -LEADER | |
|---|---|
| fixed length control field | 00420nam a22001337a 4500 |
| 008 - FIXED-LENGTH DATA ELEMENTS--GENERAL INFORMATION | |
| fixed length control field | 161027b xxu||||| |||| 00| 0 eng d |
| 050 ## - LIBRARY OF CONGRESS CALL NUMBER | |
| Classification number | BX5141.A1I549 |
| 100 ## - MAIN ENTRY--PERSONAL NAME | |
| Personal name | Church of England |
| 9 (RLIN) | 6337 |
| 245 ## - TITLE STATEMENT | |
| Title | The First prayer-book of Edward VI. |
| Statement of responsibility, etc | /Church of England |
| 260 ## - PUBLICATION, DISTRIBUTION, ETC. (IMPRINT) | |
| Place of publication, distribution, etc | London |
| Name of publisher, distributor, etc | Griffith Farran Okeden & Welsh |
| 300 ## - PHYSICAL DESCRIPTION | |
| Extent | viii,295p.; |
| Other physical details | 20cm. |
| 440 ## - SERIES STATEMENT/ADDED ENTRY--TITLE | |
| Title | The Westminster library |
| 9 (RLIN) | 27028 |
| 942 ## - ADDED ENTRY ELEMENTS (KOHA) | |
| Source of classification or shelving scheme | Library of Congress Classification |
| Item type | Monograph ( Printed materials) |
| Withdrawn status | Lost status | Source of classification or shelving scheme | Damaged status | Not for loan | Collection code | Home library | Current library | Shelving location | Date acquired | Total Checkouts | Full call number | Barcode | Date last seen | Price effective from | Koha item type |
|---|---|---|---|---|---|---|---|---|---|---|---|---|---|---|---|
| Library of Congress Classification | Main Collection | ARRUPE LIBRARY | ARRUPE LIBRARY | Main Collection | 27/10/2016 | BX5141.A1I549 | 46500010024 | 22/11/2017 | 27/10/2016 | Monograph ( Printed materials) |